Normal view
MARC view
Entry Personal Name
001 - CONTROL NUMBER
- control field: 27610
003 - CONTROL NUMBER IDENTIFIER
- control field: OSt
005 - DATE AND TIME OF LATEST TRANSACTION
- control field: 20230708205904.0
008 - FIXED-LENGTH DATA ELEMENTS
- fixed length control field: 230708|| aca||aabn | a|a d
040 ## - CATALOGING SOURCE
- Original cataloging agency: OSt
- Transcribing agency: OSt
100 ## - HEADING--PERSONAL NAME
- Personal name: ဢမ်းမမ်ႊမမ်ႊ (ထုင်ႉမၢဝ်း)
670 ## - SOURCE DATA FOUND
- Source citation: Work cat.: (OSt): ဢမ်းမမ်ႊမမ်ႊ (ထုင်ႉမၢဝ်း), သဵင်ဢုပ်ႇၶဝ်လႄႈမွၼ်းၵႂၢမ်း /, 2001